000 01088cam a2200217 4500
001 ABS65858
008 020911n2002 000 0 eng u
035 _a(Sirsi) u119673
100 _aBlackler, T.
245 _aPutting an end to it all
260 _c2002
490 _aBuilding
_v267(8249) 6 September 2002, 50(1)
520 _aReviews the consequences of the CA decision in , "Rice v Great Yarmouth BC" ( CA [2003] TCLR 1)E It concerned whether a local authority GY was entitled to terminate two contracts it made with a horticultural contractor. GY had served many default notices under the contract which contained a clause allowing it to terminate the contractor's employment with immediate effect if any of the obligations were breached. The contractor admitted that a number of breaches had occurred, but surprisingly, CA agreed that the terminations were invalid.
590 _aABS
650 _aRICE V GREAT YARMOUTH BC
650 _aMAINTENANCE CONTRACTS
650 _aBREACH OF CONTRACT
650 _aTERMINATION OF CONTRACT
690 _aLAW-UK
942 _n0
999 _c71143
_d71143